| 000 | 01132nam a2200217Ia 4500 | ||
|---|---|---|---|
| 999 |
_c51119 _d51119 |
||
| 001 | 18076 | ||
| 003 | GE_BSU | ||
| 005 | 20200331213051.0 | ||
| 008 | 181216s1959||||ge |||||||||||||| ||geo|| | ||
| 040 | _cGE_BSU | ||
| 041 | _ageo | ||
| 080 | _a091(=353.1) ს-52 | ||
| 245 |
_aსინური მრავალთავი 864 წლისაა : _bძველი ქართული ენის კათედრის შრომები 5 / _cრედ. ა. შანიძე. |
||
| 264 |
_aთბილისი : _bთბ.სტალინის სახ. სახ. უნ-ტის გამ-ბა, _c1959. |
||
| 300 |
_a338 გვ. : _bახლავს 11 ტაბულა; _c26 სმ. |
||
| 653 | _aსინური მრავალთავი | ||
| 653 | _aძველი ქართული ენის კათედრის შრომები | ||
| 700 |
_aშანიძე, ა. _eრედაქტორი _97838 |
||
| 710 |
_aსსრ კავშირის უმაღლესი განათლების სამინისტრო _97702 |
||
| 942 |
_cBK _2udc |
||